| 000 | 01796cam a22004215i 4500 | ||
|---|---|---|---|
| 999 |
_c7961 _d7961 |
||
| 003 | EG-ScBUE | ||
| 005 | 20191117120740.0 | ||
| 006 | m||||f ||d 00| 0 | ||
| 008 | 110629t2007 ohua f b 001 0 eng d | ||
| 020 | _a0495016276 | ||
| 020 | _a9780495016274 | ||
| 040 |
_aEG-ScBUE _beng _erda _cEG-ScBUE _dEG-ScBUE |
||
| 082 | 0 | 4 |
_a658.403 _bALB _222 |
| 100 | 1 |
_aAlbright, S. Christian, _eauthor. _925971 |
|
| 245 | 1 | 0 |
_aManagement science modeling / _cS. Christian Albright, Kelley School of Business, Indiana University, Wayne L. Winston, Kelley School of Business, Indiana ; with case by Mark Broadie, Graduate School of Business, Columbia University, Lawrence L. Lapin, San Jose state University, William D. Whisler, California State University, Hayward. |
| 250 | _aInternational student edition. | ||
| 264 | 1 |
_aMason, OH : _bThomson Higher Education, _c[2007] |
|
| 264 | 4 | _cc2007 | |
| 300 |
_axi, 972 pages : _billustrations ; _c26 cm + _e1 CD-ROM (4 3/4 in.) |
||
| 336 |
_atext _btxt _2rdacontent |
||
| 336 |
_atext _btxt _2rdacontent |
||
| 337 |
_aunmediated _bn _2rdamedia |
||
| 337 |
_acomputer _bc _2rdamedia |
||
| 338 |
_avolume _bnc _2rdacarrier |
||
| 338 |
_acomputer disc _bcd _2rdacarrier |
||
| 504 | _aIncludes bibliographical references and index. | ||
| 538 | _aSystem requirements for accompanying computer disk: IBM PC; MS DOS. | ||
| 650 | 7 |
_aManagement science. _2BUEsh _925972 |
|
| 650 | 7 |
_aIndustrial management _xMathematical models. _2BUEsh _925973 |
|
| 650 | 7 |
_aProblem solving _xMathematical models. _2BUEsh _925974 |
|
| 651 | _2BUEsh | ||
| 653 |
_bBUSADM _cNovember2019 |
||
| 700 | 1 |
_aWinston, Wayne L. _eauthor. _925975 |
|
| 700 | 1 |
_aBroadie, Mark, _eeditor. |
|
| 700 | 1 |
_aLapin, Lawrence L. _eeditor. |
|
| 700 | 1 |
_aWhisler, William D. _eeditor. |
|
| 942 |
_2ddc _cBB |
||